紫微新探 (Record no. 10548)

000 -LEADER
fixed length control field 00468nam a22001937a 4500
003 - CONTROL NUMBER IDENTIFIER
control field MPLRDC
005 - DATE AND TIME OF LATEST TRANSACTION
control field 20220104123332.0
008 - FIXED-LENGTH DATA ELEMENTS--GENERAL INFORMATION
fixed length control field 210129b ||||| |||| 00| 0 eng d
020 ## - INTERNATIONAL STANDARD BOOK NUMBER
International Standard Book Number 957-9593-69-8
082 ## - DEWEY DECIMAL CLASSIFICATION NUMBER
Classification number 293.1 WFL
100 ## - MAIN ENTRY--PERSONAL NAME
Personal name 吴丰隆
245 ## - TITLE STATEMENT
Title 紫微新探
Statement of responsibility, etc.
250 ## - EDITION STATEMENT
Edition statement 初版
260 ## - PUBLICATION, DISTRIBUTION, ETC.
Place of publication, distribution, etc.
Name of publisher, distributor, etc. 锦德图书事业有限公司
Date of publication, distribution, etc. 1998
300 ## - PHYSICAL DESCRIPTION
Other physical details
490 ## - SERIES STATEMENT
Series statement 命理新知. 5
650 ## - SUBJECT ADDED ENTRY--TOPICAL TERM
Topical term or geographic name entry element 命书--紫微斗数
942 ## - ADDED ENTRY ELEMENTS (KOHA)
Koha item type Book
-- 293.1 WFL
Holdings
Withdrawn status Lost status Source of classification or shelving scheme Damaged status Not for loan Collection code Home library Current library Shelving location Date acquired Cost, normal purchase price Total Checkouts Total Renewals Full call number Barcode Date last seen Date last checked out Price effective from Koha item type Public note
            Malaysian Public Library, Research and Development Centre Malaysian Public Library, Research and Development Centre   10/12/2007 25.00   1 293.1 WFL 00010561 17/03/2021 05/05/2018 17/03/2021 Book mplrdc

© 2022. Malaysian Public Library, Research and Development Centre. All Right ReservedE-mailmplrdc@help.edu.my 

Powered by Koha